书目信息 |
| 题名: |
我国数字图书馆发展研究
|
|
| 作者: | 李晓明 主编 | |
| 分册: | ||
| 出版信息: | 北京 国家图书馆出版社 2014.6 |
|
| 页数: | 201页 | |
| 开本: | 21cm | |
| 丛书名: | ||
| 单 册: | ||
| 中图分类: | G259.21 , G259.76 | |
| 科图分类: | ||
| 主题词: | 数字图书馆--图书馆发展--研究--中国 | |
| 电子资源: | ||
| ISBN: | 978-7-5013-5394-1 | |
| 000 | 00892nam0 2200241 450 | |
| 001 | 5857 | |
| 001 | 01CN10914817@CSLN | |
| 005 | 20161214091536.75 | |
| 010 | @a978-7-5013-5394-1@b平装@dCNY40.00 | |
| 100 | @a20140916d2014 em y0chiy50 ea | |
| 101 | 0 | @achi |
| 102 | @aCN@b110000 | |
| 105 | @ay z 000yy | |
| 200 | 1 | @a我国数字图书馆发展研究@9wo guo shu zi tu shu guan fa zhan yan jiu@e以省市级公共图书馆为例@f李晓明主编 |
| 210 | @a北京@c国家图书馆出版社@d2014.6 | |
| 215 | @a201页@d21cm | |
| 330 | @a本书共7章,主要论述了数字图书馆的发展概况,我国数字图书馆调研的总体情况、基础设施情况、数字资源情况、服务情况、运行保障情况,以及未来的发展。 | |
| 606 | 0 | @a数字图书馆@x图书馆发展@x研究@y中国 |
| 690 | @aG259.21@v5 | |
| 690 | @aG259.76@v4 | |
| 701 | 0 | @a李晓明@9li xiao ming@c(女,@f1970~)@4主编 |
| 801 | 0 | @aCN@b大连网信软件有限公司图书馆·11@c20161214 |
| 905 | @aZUCC@dG259.21@e36 | |
| 我国数字图书馆发展研究:以省市级公共图书馆为例/李晓明主编.-北京:国家图书馆出版社,2014.6 |
| 201页;21cm |
| ISBN 978-7-5013-5394-1(平装):CNY40.00 |
| 本书共7章,主要论述了数字图书馆的发展概况,我国数字图书馆调研的总体情况、基础设施情况、数字资源情况、服务情况、运行保障情况,以及未来的发展。 |
| ● |
| 相关链接 |
|
|
|
|
正题名:我国数字图书馆发展研究
索取号:G259.21/36
 
预约/预借
| 序号 | 登录号 | 条形码 | 馆藏地/架位号 | 状态 | 备注 |
| 1 | 913441 | 209134417 | 第一样本阅览室/ [索取号:G259.21/36] | 在馆 | |
| 2 | 913442 | 209134426 | 第四借阅区/ [索取号:G259.21/36] | 在馆 | |
| 3 | 913443 | 209134435 | 第四借阅区/ [索取号:G259.21/36] | 在馆 | |
| 4 | 913444 | 209134444 | 第四借阅区/ [索取号:G259.21/36] | 在馆 | |
| 5 | 913445 | 209134453 | 第四借阅区/ [索取号:G259.21/36] | 在馆 |